|
|
|
|
| LEADER |
02343cam a2200577 a 4500 |
| 001 |
nkc20071779555 |
| 003 |
CZ PrNK |
| 005 |
20181204235009.0 |
| 007 |
ta |
| 008 |
071221s2008 xr a e p 000 0 cze d |
| 015 |
|
|
|a cnb001779555
|
| 020 |
|
|
|a 978-80-01-03934-2
|q (brož.)
|
| 035 |
|
|
|a (OCoLC)228669031
|
| 040 |
|
|
|a KLG001
|b cze
|d BOA001
|d ABA001
|
| 072 |
|
7 |
|a 620.1/.2
|x Nauka o materiálu
|2 Konspekt
|9 19
|
| 072 |
|
7 |
|a 37.016
|x Učební osnovy. Vyučovací předměty. Učebnice
|2 Konspekt
|9 22
|
| 080 |
|
|
|a 620.2
|2 MRF
|
| 080 |
|
|
|a 620.1
|2 MRF
|
| 080 |
|
|
|a 620.1.08
|2 MRF
|
| 080 |
|
|
|a 620.186/.187
|2 MRF
|
| 080 |
|
|
|a (075.8)
|2 MRF
|
| 100 |
1 |
|
|a Macek, Karel,
|d 1934-
|7 ntka173279
|4 aut
|
| 245 |
1 |
0 |
|a Experimentální metody v materiálovém inženýrství /
|c Karel Macek, František Hnilica, Vladimír Starý
|
| 250 |
|
|
|a Vyd. 1.
|
| 260 |
|
|
|a Praha :
|b Nakladatelství ČVUT,
|c 2008
|
| 300 |
|
|
|a 198 s. :
|b il. ;
|c 30 cm
|
| 500 |
|
|
|a Na obálce pod názvem: ČVUT v Praze, Fakulta strojní
|
| 500 |
|
|
|a 200 výt.
|
| 504 |
|
|
|a Obsahuje bibliografii
|
| 550 |
|
|
|a Vydavatel: České vysoké učení technické v Praze
|
| 650 |
0 |
7 |
|a materiálové inženýrství
|7 ph115241
|2 czenas
|
| 650 |
0 |
7 |
|a zkoušení materiálů
|7 ph116776
|2 czenas
|
| 650 |
0 |
7 |
|a technická měření
|7 ph126464
|2 czenas
|
| 650 |
0 |
7 |
|a mikroskopie
|7 ph135406
|2 czenas
|
| 650 |
0 |
9 |
|a materials engineering
|2 eczenas
|
| 650 |
0 |
9 |
|a material testing
|2 eczenas
|
| 650 |
0 |
9 |
|a technical measurements
|2 eczenas
|
| 650 |
0 |
9 |
|a microscopy
|2 eczenas
|
| 655 |
|
7 |
|a učebnice vysokých škol
|7 fd133772
|2 czenas
|
| 655 |
|
9 |
|a textbooks (higher)
|2 eczenas
|
| 700 |
1 |
|
|a Hnilica, František,
|d 1946-
|7 ntka172570
|4 aut
|
| 700 |
1 |
|
|a Starý, Vladimír,
|d 1942-
|7 ntka174057
|4 aut
|
| 710 |
2 |
|
|a České vysoké učení technické v Praze.
|b Strojní fakulta
|7 ko20010093670
|
| 856 |
4 |
1 |
|u http://www.digitalniknihovna.cz/mzk/uuid/uuid:26eeba30-dcde-11e8-bc37-005056827e51
|y Digitalizovaný dokument
|x NDK
|
| 910 |
2 |
|
|a BOA001
|b 3-1198.610
|
| 928 |
9 |
|
|a Česká technika - nakladatelství ČVUT
|
| 990 |
|
|
|a BK
|
| 995 |
|
|
|a 01
|
| 991 |
|
|
|b 200802
|c NOV
|
| 996 |
6 |
|
|b 2610333072
|c 3-1198.610
|l MZK
|r Sklad / do 1 hodiny
|n 0
|p p.v.
|w 000886053
|u 000010
|a 1
|e BOA001
|j MZK50
|s P
|
| 996 |
7 |
|
|b 2610339430
|c 3-1198.610
|l MZK
|r Sklad / do 1 hodiny
|n 4
|p kup
|w 000886053
|u 000020
|a 1
|e BOA001
|j MZK50
|s A
|